00747nam a2200181Ia 4500001000900000003000500009008004100014010001100055040000900066100003600075245021800111260003400329300001000363502008800373650002700461650002400488710005300512Para_386CHAP220125s2001 xx 000 0 und d a199141 cCHAP aCáceres Acosta, Edwin Alfredo aEvaluación de pérdidas en genotipos mejorados de trigo (Triticum aestivum L.) por daño de enfermedades foliares causadas por hongos en ambientes de temporal en México /c por Edwin Alfredo Cáceres Acosta aChapingo, Méx. :b el autor a81 h. aTesis (M.C. en Protección Vegetal). UACh. Departamento Parasitología Agrícola aTrigo x enfermedades  aTrigo x variedades aI. UACh. Departamento Parasitología Agrícola